تارخ ناگپور / (Record no. 172871)

MARC details
000 -LEADER
fixed length control field 00538nam a22001817a 4500
005 - DATE AND TIME OF LATEST TRANSACTION
control field 20200214114433.0
010 ## - LCCN (DPL NO)
LC control number A-213266
020 ## - INTERNATIONAL STANDARD BOOK NUMBER
Terms of availability 10.00
035 ## - SYSTEM CONTROL NUMBER
System control number A-213266
037 ## - SOURCE OF ACQUISITION
Source of stock number/acquisition BPPD/Pub.
082 ## - DEWEY DECIMAL CLASSIFICATION NUMBER
Classification number 954.41
100 ## - MAIN ENTRY--PERSONAL NAME
Personal name محمد شرفوالدین ساحل
245 ## - TITLE STATEMENT
Title تارخ ناگپور /
Statement of responsibility, etc محمد شرفوالدین ساحل
246 ## - VARYING FORM OF TITLE
Title proper/short title Tarikh-E-Nagpur (urdu) /
Remainder of title by Mohammed Sharfuddin Sahil
260 ## - PUBLICATION, DISTRIBUTION, ETC. (IMPRINT)
Place of publication, distribution, etc -
Name of publisher, distributor, etc Aliza
Date of publication, distribution, etc 1983 ء
300 ## - PHYSICAL DESCRIPTION
Extent 120p.
Dimensions 22cm(Hb)
942 ## - ADDED ENTRY ELEMENTS (KOHA)
Source of classification or shelving scheme Dewey Decimal Classification
Item type Urdu Bks
Classification part 951.41
Call number suffix م ح م
Holdings
Withdrawn status Lost status Not for loan Collection code Home library Current library Date acquired Source of acquisition Cost, normal purchase price Full call number Barcode Copy number Cost, replacement price Koha item type
      Non-fiction Central Library Central Library 14/02/2020 BPPD/Ven. 10.00 951.41 م ح م A-213266 1 10.00 Urdu Bks

© Delhi Public Library
Hit Counter
free hit counter